| 000 | 00472nam a2200181Ia 4500 | ||
|---|---|---|---|
| 005 | 20250423094359.0 | ||
| 008 | 250422s9999 xx 000 0 und d | ||
| 020 | _a9789327216677 | ||
| 050 | _aHD 2072 .L45/ | ||
| 100 | _aLekhi, R. K. | ||
| 245 | 0 | _aAgricultural economics : an idian perspective | |
| 260 | _aNwe Delhi | ||
| 260 | _bKalyani Publishers | ||
| 260 | _c2012 | ||
| 300 | _a579 p | ||
| 650 | _a Agriculture--Economic aspects--India. | ||
| 942 | _cBK | ||
| 999 |
_c27064 _d27064 |
||